00998nam a2200289Ia 4500003000400000005001700004008004100021020001500062040001800077041000800095082002300103100002400126245005500150250001200205260005400217300003200271650004200303650003800345650003600383650003400419650002700453650002900480650002300509942002700532999001900559952013000578OSt20250227121118.0210716s2006 xx 000 0 und d a0120887975 cAIMIT LIBRARY aeng a005.7402 21bCELJ aCelko, Joe.9202790 aJoe celko's sql programming style /cBy Celko,Joe. a1st ed. aNew Delhi :bReed Elsevier India Pvt Ltd ,c2006. axviii,216 p.;bPBc25.2 cm. aFonts punctuation and spacing9202791 aData Declaration language9202792 aScales and measurements9202793 aData Encoding schemes9202794 aCoding choices9202795 aHow to use views9202796 aHeuristics9202797 2ddccBKk005.7402 CELJ c189062d189062 001040708MCAaAIMITbAIMITeAthulya Booksg295.00l0o005.7402 CELJpMCA08570r2025-07-21 00:00:00v230.10w2021-07-16yBK